00174nam a2200061Ia 4500245002200000100004900022008004100071 0aNabot se wingerd  a DE KOCK, Rena Pretoria, 2003 1ste uitg 210818s9999 xx 000 0 und d